Climates of hunger: Mankind and the world's changing weather (Record no. 34670)

MARC details
000 -LEADER
fixed length control field 00379nam a2200133Ia 4500
082 ## - DEWEY DECIMAL CLASSIFICATION NUMBER
Classification number 551.58
Item number BRY
100 ## - MAIN ENTRY--AUTHOR NAME
Personal name Bryson, Reid A
245 #0 - TITLE STATEMENT
Title Climates of hunger: Mankind and the world's changing weather
260 ## - PUBLICATION, DISTRIBUTION, ETC. (IMPRINT)
Place of publication London
Name of publisher University of Wisconsin
Year of publication 1977
650 ## - SUBJECT ADDED ENTRY--TOPICAL TERM
Topical Term Climatology
700 ## - ADDED ENTRY--PERSONAL NAME
Personal name Murray, Thomas J
942 ## - ADDED ENTRY ELEMENTS (KOHA)
Koha item type Books
Holdings
Withdrawn status Lost status Damaged status Not for loan Home library Current library Date acquired Cost, normal purchase price Full call number Accession Number Koha item type
        RRII Library RRII Library 16/12/2021 12.50 551.58 BRY 15098 Books